00440 2200193 4500001002100000005001500021035002000036008004100056245002800097100001200125250000600137260003100143300001200174084001400186082000800200650001400208990001200222990001200234INLIS00000000000073920240430111933 a0010-0424000715240430 0 ind 1 aPJOK Kelas X /cMuhajir aMuhajir a1 aJakarta :bErlangga,c2016 a293 hlm a700 MUH p a700 4aNon Fiksi a0739396 a0739397